01375nam a2200385 i 450000100060000000300090000600500170001500800410003202000150007304000360008804100080012404600090013208000110014108000100015208000100016208000180017224501850019025000120037526000300038730000570041733600270047433700540050133800280055538000160058338800140059938800140061352100950062765000140072265000160073665500420075265800280079470000450082270000240086785600980089151436KOSZ 00520221014115249.0981010s1998 pl f |000 0 pol d a839070062X cKOSZ 005aKOSZ 005dKOSZ 005/HR0 apol k1998 a629.33 a621.7 a621.9 a(075.3.053.7)19aMechanik pojazdów samochodowych :btechniczne podstawy zawodu : praca zbiorowa.nCz. 1,pTechnologia ogólna /cpod red. Kazimierza Tokarza ; oprac. zespół Jan Kałwak et al. aWyd. 2. aWrocław :bVogel,c1998. a208 s. :bfot. (w tym kolor.), rys., wykr. ;c24 cm. 2rdacontentaTekstbtxt 2rdamediaaBez urządzenia pośredniczącegobn 2rdacarrieraWoluminbnc aKsiążki a1901-2000 a1989-2000 aDo nauczania w zawodzie mechanik pojazdów samochodowych na poziomie szkoły zasadniczej. 7aSamochody 7aTechnologia aPodręczniki dla szkół zawodowych aInżynieria i technika1 aTokarz, Kazimierzd(1949-2008)eRedakcja1 aKałwak, JaneAutor uhttp://koha.tu.koszalin.pl/cgi-bin/koha/opac-detail.pl?biblionumber=51436yKatalog online BPK